|
|
|
|
| LEADER |
00000nam0a2200000 4500 |
| 001 |
214582 |
| 005 |
20231101225912.0 |
| 035 |
|
|
|a (RuTPU)RU\TPU\book\234456
|
| 090 |
|
|
|a 214582
|
| 100 |
|
|
|a 20120426d1976 km y0rusy50 ca
|
| 101 |
0 |
|
|a rus
|
| 102 |
|
|
|a EE
|
| 105 |
|
|
|a a z 001zy
|
| 200 |
1 |
|
|a Низкотемпературная физика кристаллов
|f Академия наук Эстонской ССР (АН ЭССР), Институт физики (ИФ)
|
| 210 |
|
|
|a Тарту
|d 1976
|
| 215 |
|
|
|a 122 с.
|c ил.
|
| 225 |
1 |
|
|a Труды института физики АН ЭССР
|v Вып. 45
|
| 320 |
|
|
|a Библиография в конце статей
|
| 606 |
1 |
|
|a Кристаллы
|x Тепловые свойства
|2 stltpush
|3 (RuTPU)RU\TPU\subj\80252
|9 88005
|
| 610 |
1 |
|
|a низкотемпературная физика
|
| 610 |
1 |
|
|a щелочно-галоидные кристаллы
|
| 610 |
1 |
|
|a электрокалорический эффект
|
| 610 |
1 |
|
|a экситоны
|
| 610 |
1 |
|
|a люминесценция
|
| 610 |
1 |
|
|a затухание
|
| 610 |
1 |
|
|a анизотропные кристаллы
|
| 610 |
1 |
|
|a криогенное выращивание
|
| 610 |
1 |
|
|a радиационные дефекты
|
| 610 |
1 |
|
|a рентгеновское облучение
|
| 675 |
|
|
|a 548.0:536
|v 3
|
| 712 |
0 |
2 |
|a Академия наук Эстонской ССР (АН ЭССР)
|b Институт физики (ИФ)
|c (Тарту)
|c (1975-1991)
|2 stltpush
|3 (RuTPU)RU\TPU\col\12460
|
| 801 |
|
1 |
|a RU
|b 63413507
|c 20120426
|
| 801 |
|
2 |
|a RU
|b 63413507
|c 20200908
|g RCR
|
| 942 |
|
|
|c BK
|